| 000 | 00380nam a22001457a 4500 | ||
|---|---|---|---|
| 005 | 20170909145231.0 | ||
| 008 | 170909b xxu||||| |||| 00| 0 eng d | ||
| 020 | _a9780198-095460 | ||
| 041 | _aeng | ||
| 100 |
_aBelavadi,Vasuki _93916 |
||
| 245 |
_aVideo _h[electronic resource] |
||
| 260 | _bOxford University Press | ||
| 300 |
_a1 CD-ROM _eReceived along with book. |
||
| 942 | _cCD | ||
| 999 |
_c5557 _d5555 |
||